000 01013nam0a2200325 i 4500
001 RU\NLR\BIBL_A\010676695
005 20240726072357.0
010 _a9785170880171
_94000
021 _aRU
_b2014-96923
_95883
035 _a(NILC)RuMoRGB-007844685
035 _a(NLR Aleph) 010676695
090 _a9629615
_c9629615
100 _a20150219d2015 um y0rusy50 ca
101 1 _arus
_ceng
102 _aRU
105 _ay|||z|||000ay
200 1 _aЛето для тебя
_e[роман]
_fКейт Ноубл
_g[пер. с англ. Т. А. Осиной]
210 _aМосква
_cАСТ
_d2015
215 _a350, [1] с.
_d17
225 1 _aМини шарм
333 _a16+
686 1 _aШ6(7США)67-440.4{Лх1979-50}
700 1 _aНоубл
_bК.
_f1978-
_gКейт
801 0 _aRU
_bРГБ
_c20110728
_gRCR
801 2 _aRU
_bРГБ
_c20141225
_gRCR
801 1 _aRU
_bРГБ
_c20110728
_2rusmarc
942 _cBOOK
980 _aNBR